000
00324nam a22001457a 4500
003
SGT
020
_a
978-8-81-207-3118-9
082
_a
658
_b
T11B
100
_a
BHATIA, A.K.
245
_a
THE BUSINESS & TOURISM
260
_a
NEW DELHI
_b
STERLING PUB
_c
2011
300
_a
414
650
_a
HOTEL MANAGEMENT
942
_2
ddc
_c
BK
999
_c
12982
_d
12982